Statistics for Zelda OOT

Click here to take the quiz!

General Stats

  • This quiz has been taken 125 times
    (68 since last reset)
  • The average score is 85 of 131

Answer Stats

Hint Answer % Correct
Main CharactersLink (Adult)
100%
Main CharactersLink (Child)
100%
SagesPrincess Zelda
96%
RacesGoron
96%
BossesGanon
96%
BossesGanondorf
96%
Main CharactersGanondorf
96%
RacesZora
96%
Main CharactersPrincess Zelda
96%
RacesGerudo
96%
SagesSaria
93%
RacesHylian
93%
SagesDarunia
93%
SagesPrincess Ruto
93%
RacesKokiri
93%
SagesRauru
89%
BossesTwinrova
89%
SagesNabooru
89%
Main CharactersImpa
89%
BossesBongo Bongo
89%
SagesImpa
89%
BossesPhantom Ganon
86%
RacesDeku
86%
BossesKing Dodongo
86%
BossesQueen Gohma
86%
DungeonsInside the Deku Tree
82%
BossesVolvagia
82%
DungeonsDodongo's Cavern
82%
Main CharactersGreat Deku Tree
79%
DungeonsShadow Temple
79%
DungeonsWater Temple
79%
DungeonsFire Temple
79%
DungeonsForest Temple
79%
DungeonsInside Jabu-Jabu's Belly
79%
ItemsFairy Bow
75%
MedallionsForest Medallion
75%
MedallionsFire Medallion
75%
EquipmentMaster Sword
75%
SongsZelda's Lullaby
75%
Spiritual StonesGoron's Ruby
75%
Spiritual StonesKokiri's Emerald
75%
DungeonsSpirit Temple
75%
BossesBarinade
75%
BossesMorpha
75%
SongsBolero of Fire
71%
EquipmentKokiri Sword
71%
MedallionsLight Medallion
71%
MedallionsWater Medallion
71%
RegionsKokiri Forest
71%
MedallionsShadow Medallion
71%
SongsSong of Storms
71%
SongsSong of Time
71%
ItemsBomb
71%
Spiritual StonesZora's Sapphire
68%
Main CharactersEpona
68%
MedallionsSpirit Medallion
68%
Main CharactersSheik
68%
SongsEpona's Song
68%
EquipmentZora Tunic
68%
EquipmentGoron Tunic
68%
SongsSaria's Song
68%
SongsSun's Song
64%
MasksSkull Mask
64%
EquipmentIron Boots
64%
Main CharactersGreat Fairy
64%
EquipmentBiggoron Sword/Giant's Knife
64%
EquipmentDeku Shield
64%
DungeonsGanon's Castle
64%
ItemsFairy Slingshot
64%
RegionsDeath Mountain
61%
ItemsHookshot
61%
MasksKeaton Mask
61%
SongsMinuet of Forest
61%
SongsNocturne of Shadow
61%
EquipmentHylian Shield
61%
EquipmentKokiri Tunic
61%
MasksMask of Truth
61%
MasksGoron Mask
57%
ItemsFire Arrow
57%
ItemsBoomerang
57%
RegionsHyrule Field
57%
ItemsIce Arrow
57%
RegionsKakariko Village
57%
RegionsLake Hylia
57%
RegionsZora's Domain
57%
MasksZora Mask
57%
SongsRequiem of Spirit
57%
SongsPrelude of Light
57%
MasksBunny Hood
57%
Main CharactersNavi
54%
EquipmentHover Boots
54%
ItemsDeku Stick
54%
ItemsDeku Nuts
54%
ItemsDin's Fire
54%
ItemsMegaton Hammer
54%
Main CharactersMalon
54%
SongsSerenade of Water
54%
RegionsLost Woods
54%
Main CharactersTalon
54%
ItemsLight Arrow
54%
Mini-DungeonsGerudo Training Ground
54%
Mini-DungeonsBottom of the Well
54%
ItemsLens of Truth
54%
ItemsBottle
54%
RegionsHyrule Castle Town
50%
EquipmentMirror Shield
50%
ItemsFarore's Wind
50%
MasksGerudo Mask
50%
Mini-DungeonsIce Cavern
50%
ItemsOcarina of Time
50%
ItemsNayru's Love
50%
ItemsLongshot
50%
Main CharactersIngo
46%
RegionsGerudo Valley
46%
RacesSheikah
46%
RegionsLon Lon Ranch
43%
SongsScarecrow's Song
43%
MasksSpooky Mask
43%
Main CharactersDampé
39%
ItemsFairy Ocarina
39%
EquipmentGolden Gauntlets
39%
EquipmentSilver Gauntlets
39%
Main CharactersKing Zora
36%
EquipmentSilver Scale
32%
ItemsBombchu
32%
EquipmentGolden Scale
29%
EquipmentGoron's Bracelet
29%
EquipmentKokiri Boots
25%
Main CharactersKaepora Gaebora
21%
ItemsMagic Beans
21%
Main CharactersWindmill Man
11%

Score Distribution

Percentile by Number Answered

Percent of People with Each Score

Your Score History

You have not taken this quiz since the last reset